005980000a22002170004500082001500000518001500015530000600030100002600036245005300062020001800115260004200133260000900175300001800184041000800202440005100210500004400261650001400305650002100319650002300340005001700363 a378bSa59h a2008-06-30 aM aSanyal, Bikas C., ed. aHigher education and the new international order a92-803-1104-2 aLondonbFrances Pinter, Great Britain c1982 a242p.billus. aEng aInternational Institute for Education Planning aBibliography at the end of each chapter aEducation aHigher education aEducational policy20120907085202.0